A TEXT BOOK OF KIRYA SHARIRA (Record no. 24294)

MARC details
000 -LEADER
fixed length control field 00348nam a22001577a 4500
003 - CONTROL NUMBER IDENTIFIER
control field SGT
020 ## - INTERNATIONAL STANDARD BOOK NUMBER
International Standard Book Number 9788170845485
082 ## - DEWEY DECIMAL CLASSIFICATION NUMBER
Classification number 612.
Item number K23R
100 ## - MAIN ENTRY--PERSONAL NAME
Personal name RANADE, SUBHASH
245 ## - TITLE STATEMENT
Title A TEXT BOOK OF KIRYA SHARIRA
260 ## - PUBLICATION, DISTRIBUTION, ETC. (IMPRINT)
Place of publication, distribution, etc DELHI
Name of publisher, distributor, etc CHAKUHAMBHA PUB.
Year of Publication 2023
300 ## - PAGE DESCRIPTION
No. of Pages 504
650 ## - SUBJECT ADDED ENTRY--TOPICAL TERM
Topical term or geographic name as entry element ANATOMY
653 ## - KEYWORDS--INDEX TERM
Keyword term SHARIRA
942 ## - ADDED ENTRY ELEMENTS (KOHA)
Source of classification or shelving scheme Dewey Decimal Classification
Koha item type Books
942 ## - ADDED ENTRY ELEMENTS (KOHA)
-- 18
Holdings
Withdrawn status Lost status Source of classification or shelving scheme Damaged status Not for loan Collection code Home library Current library Shelving location Date acquired Vendor Name Cost, normal purchase price Volume Information (Serial or Books or Non-Book Material) SGTU Bill Number Total Checkouts Full call number Accession No. (Barcode) Date last seen Date last borrowed Bill Date Koha item type
    Dewey Decimal Classification     AYURVEDA SGT FA-FP Library SGT FA-FP Library Text Book 16/07/2023 CHAUKHAMBHA, PUB. 375.00 2 SGTU CP/B/253 11 612. K23R FA11593 27/04/2026 24/04/2026 07/06/2023 Books
    Dewey Decimal Classification     AYURVEDA SGT FA-FP Library SGT FA-FP Library Text Book 16/07/2023 CHAUKHAMBHA, PUB. 375.00 2 SGTU CP/B/253 8 612. K23R FA11594 19/05/2025 19/03/2025 07/06/2023 Books
    Dewey Decimal Classification     AYURVEDA SGT FA-FP Library SGT FA-FP Library Text Book 16/07/2023 CHAUKHAMBHA, PUB. 375.00 2 SGTU CP/B/253   612. K23R FA11595 16/07/2023   07/06/2023 Books